Statystyki dla Polskie kluby w europejskich pucharach

Kliknij tutaj aby rozwiązać quiz!

Ogólne statystyki

  • Ten quiz został rozwiązany 176 razy
  • Średni wynik to 22 z 35

Statystyki odpowiedzi

HintOdpowiedź% Poprawnych
20/21Legia Warszawa
100%
21/22Lech Poznań
99%
11/12Wisła Kraków
91%
21/22Lechia Gdańsk
88%
21/22Raków Częstochowa
86%
21/22Pogoń Szczecin
84%
20/21Śląsk Wrocław
82%
99/00Widzew Łódź
82%
20/21Cracovia
81%
14/15Ruch Chorzów
80%
18/19Górnik Zabrze
79%
17/18Arka Gdynia
78%
09/10Polonia Warszawa
77%
98/99ŁKS Łódź
76%
20/21Piast Gliwice
76%
18/19Jagiellonia Białystok
73%
16/17Zagłębie Lubin
73%
82/83Stal Mielec
62%
06/07Wisła Płock
59%
04/05Amica Wronki
58%
03/04GKS Katowice
58%
14/15Zawisza Bydgoszcz
56%
62/63Polonia Bytom
50%
07/08Dyskobolia Grodzisk Wielkopolski
48%
07/08GKS Bełchatów
46%
77/78Odra Opole
42%
97/98Odra Wodzisław Śląski
42%
76/77GKS Tychy
39%
78/79Zagłębie Sosnowiec
38%
96/97Hutnik Kraków
35%
92/93Miedź Legnica
35%
81/82Szombierki Bytom
33%
75/76Stal Rzeszów
29%
74/75Gwardia Warszawa
22%
71/72Zagłębie Wałbrzych
20%

Rozkład punktacji

Percentyl według liczby udzielonych odpowiedzi

Procent ludzi z każdym wynikiem

Twoja historia wyników

Nie rozwiązałeś tego quizu